Movies Quiz

Random Movies or Actor Quiz

Lord of the Rings Scenes Featuring the One Ring Quiz Stats

 Plays Quiz not verified by Sporcle

Score 0/24 Timer 05:00
0 Plays Today
% Correct
The Lord of the Rings: The Fellowship of the Ring
96.6%
The Lord of the Rings: The Fellowship of the Ring
96%
The Lord of the Rings: The Fellowship of the Ring
96%
The Lord of the Rings: The Fellowship of the Ring
96%
The Lord of the Rings: The Fellowship of the Ring
95.5%
The Lord of the Rings: The Fellowship of the Ring
94.9%
The Lord of the Rings: The Fellowship of the Ring
94.9%
The Lord of the Rings: The Fellowship of the Ring
94.9%
The Lord of the Rings: The Return of the King
94.3%
The Lord of the Rings: The Return of the King
94.3%
The Lord of the Rings: The Fellowship of the Ring
94.3%
The Lord of the Rings: The Return of the King
94.3%
% Correct
The Lord of the Rings: The Return of the King
93.8%
The Lord of the Rings: The Fellowship of the Ring
93.2%
The Lord of the Rings: The Fellowship of the Ring
92.6%
The Lord of the Rings: The Fellowship of the Ring
91.5%
The Lord of the Rings: The Return of the King
88.1%
The Lord of the Rings: The Return of the King
84.7%
The Lord of the Rings: The Two Towers
83.5%
The Lord of the Rings: The Two Towers
78.4%
The Lord of the Rings: The Return of the King
78.4%
The Lord of the Rings: The Fellowship of the Ring
75%
The Lord of the Rings: The Two Towers
74.4%
The Lord of the Rings: The Two Towers
72.2%

You're not logged in!

Compare scores with friends on all Sporcle quizzes.
OR
Log In

You Might Also Like...

Show Comments

Extras

Top Quizzes Today


Score Distribution

Your Account Isn't Verified!

In order to create a playlist on Sporcle, you need to verify the email address you used during registration. Go to your Sporcle Settings to finish the process.

Report this User

Report this user for behavior that violates our Community Guidelines.

Details: